000
00345nam a2200157Ia 4500
003
OSt
005
20240102050106.0
008
170524s9999 xx 000 0 und d
020
_a
9788126526246
040
_c
IIMT UNIVERSITY
100
_a
SINHA PIYUSH
100
_c
2012
245
0
_a
MANAGING RETAILING
260
_a
OXFORD
942
_2
ddc
_c
02
999
_c
2771
_d
2771